Представление документа в формате RUSMARC

Поле Инд. ПП Название Значение
Тип записи a
Библиографический уровень a
001 Контрольный номер cf4c2f4695e44b708f1a9951acb9079e
005 Дата корректировки 20181120134543.0
100 a Данные общей обработки 20180904 ||| 0rusy0189 ca
101 0_ a Язык текста rus
102 a Страна публикации RU
200 1_ f Первые сведения об ответственности И.Б. Лагутин, В.Н. Сусликов
a Заглавие Правовое обеспечение блокчейн-технологий (вопросы теории и практики)
210 d Дата издания 2018
461 _0 1 2000
a Финансовое право
463 _0 1 2000
a №1
v С. 25-29
1 2101
d 2018
1 00143c6caf206b24182886d34cfbe8dc4b3
606 a Основная рубрика Финансовое право
610 0_ a Ключевые слова ДЕНЬГИ
a Ключевые слова ЦЕННЫЕ БУМАГИ
a Ключевые слова ПРАВОВОЕ РЕГУЛИРОВАНИЕ
700 _1 a Фамилия Лагутин
b Имя И.Б.
701 _1 a Фамилия Сусликов
b Имя В.Н.
801 _0 a Страна RU
b Организация РГУП
c Дата составления 20180904
g Правила каталогизации PSBO
801 _1 a Страна RU
b Организация РГУП
c Дата составления 20180904
g Правила каталогизации PSBO
901 t Тип документа b
w Контрольный № источника 43c6caf206b24182886d34cfbe8dc4b3
905 a Дата ввода 20180904